Normal view
MARC view
Entry Topical Term
001 - CONTROL NUMBER
- control field: 31071
003 - CONTROL NUMBER IDENTIFIER
- control field: ARRUPE
005 - DATE AND TIME OF LATEST TRANSACTION
- control field: 20170526075802.0
008 - FIXED-LENGTH DATA ELEMENTS
- fixed length control field: 170526|| aca||aabn | a|a d
040 ## - CATALOGING SOURCE
- Original cataloging agency: ARRUPE
- Transcribing agency: ARRUPE
150 ## - HEADING--TOPICAL TERM
- Topical term or geographic name as entry element: Bantus
- General subdivision: North Kavirondo, Kenya
670 ## - SOURCE DATA FOUND
- Source citation: Work cat.: (ARRUPE)128: Wagner, Gunter 31070, The Bantu of North Kavirondo, 1949